000 00823nam a22002657a 4500
001 BR8704235
003 BR-BrBNA
005 20230928092656.0
007 ta
008 230509b bl.||||| |||| 00| 0 por d
040 _aBR-BrBNA
_bpor
_cBiblioteca Nacional de Agricultura
041 _a(Por)
072 _aE14; E13
_b/G514
090 _ E14 BR8704235
110 1 _aDelegacia Federal de Agricultura de Pernambuco, Recife (Brasil). Secao de Programacao
_93057
245 1 _aRelatorio de avaliacao do desempenho fisico e financeiro dos projetos/atividades. Quarto trimestre de 1982
260 3 _aRecife, PE (Brasil):
_c1983.
300 _a22 p.
500 _a9 tables
650 _aPROJETO AGRICOLA
650 _aRECURSO ECONOMICO
650 _aPERNAMBUCO
909 _a202309
_bLucia
_c55
_dLucia Elande
942 _cBK
999 _c40542
_d40542